សៀវភៅកូនល្អ / (Record no. 6701)
[ view plain ]
| 000 -LEADER | |
|---|---|
| fixed length control field | 01520nam a22002297a 4500 |
| 001 - CONTROL NUMBER | |
| control field | 6701 |
| 003 - CONTROL NUMBER IDENTIFIER | |
| control field | FISKH |
| 005 - DATE AND TIME OF LATEST TRANSACTION | |
| control field | 20250521115742.0 |
| 008 - FIXED-LENGTH DATA ELEMENTS--GENERAL INFORMATION | |
| fixed length control field | 250521b cb ||||| |||| 00| 0 eng d |
| 040 ## - CATALOGING SOURCE | |
| Original cataloging agency | FISKH |
| Language of cataloging | khr |
| Transcribing agency | FISKH |
| Modifying agency | FISKH |
| 082 ## - DEWEY DECIMAL CLASSIFICATION NUMBER | |
| Classification number | 800 |
| 100 ## - MAIN ENTRY--PERSONAL NAME | |
| Personal name | Yun, Keum |
| 245 ## - TITLE STATEMENT | |
| Title | សៀវភៅកូនល្អ / |
| Statement of responsibility, etc. | រៀបរៀងដោយខ្ញុំព្រះករុណា អាត្មាភាព ឧទ្ទេសាចារ្យ ( សទ្ធម្មប្បញ្ញេ ) ខឺម យ៉ុន |
| 260 ## - PUBLICATION, DISTRIBUTION, ETC. | |
| Place of publication, distribution, etc. | ភ្នំពេញ : |
| Date of publication, distribution, etc. | ២០១០ . |
| 300 ## - PHYSICAL DESCRIPTION | |
| Extent | 146 pages : |
| Other physical details | illustrations ; |
| Dimensions | 21 cm . |
| 520 ## - SUMMARY, ETC. | |
| Summary, etc. | សៀវភៅកូនល្អនេះចងក្រងឡើងសម្រាប់ដាស់តឿនដល់បញ្ញាស្មារតីរបស់កូនប្រុសស្រីអោយមានការភ្ញាក់រលឺកឃើញគុណតាមសេចក្តីពិត ពោលគឺឃើញគុណមាតាបិតាដែលខំបីបាច់ថែរក្សាតាំងពីតូចមក ។ |
| 520 ## - SUMMARY, ETC. | |
| Summary, etc. | This book, "The Good Child," was compiled to awaken the minds and consciousness of boys and girls, encouraging them to truly recognize and appreciate the gratitude they owe—especially the gratitude toward their parents, who have cared for them selflessly since childhood. |
| 650 ## - SUBJECT ADDED ENTRY--TOPICAL TERM | |
| Topical term or geographic name entry element | កូនល្អ |
| 650 ## - SUBJECT ADDED ENTRY--TOPICAL TERM | |
| Topical term or geographic name entry element | Kon la or |
| 942 ## - ADDED ENTRY ELEMENTS (KOHA) | |
| Source of classification or shelving scheme | Dewey Decimal Classification |
| Koha item type | Khmer Books |
| Suppress in OPAC | No |
| Withdrawn status | Lost status | Source of classification or shelving scheme | Damaged status | Not for loan | Collection | Home library | Current library | Shelving location | Date acquired | Total Checkouts | Full call number | Barcode | Date last seen | Price effective from | Koha item type |
|---|---|---|---|---|---|---|---|---|---|---|---|---|---|---|---|
| Dewey Decimal Classification | Khmer Language Books / សៀវភៅភាសាខ្មែរ | Footprints International School Library Network Toul Tom Poung Campus | Footprints International School Library Network Toul Tom Poung Campus | TTP Secondary Khmer Bookshelves | 05/21/2025 | YUN 800 | FIS03871 | 05/21/2025 | 05/21/2025 | Khmer Books |
